El pensamiento filosófico de Edith Stein /

Gespeichert in:
Bibliographische Detailangaben
1. Verfasser: Gómez Robledo, Antonio (autor)
Format: Buch
Sprache:Spanisch
Veröffentlicht: México : UNAM, Instituto de Investigaciones Filosóficas, 1988, c1988
Tags: Tag hinzufügen
Keine Tags, Fügen Sie das erste Tag hinzu!

MARC

LEADER 00000nam^a2200000^a^4500
001 000561755
005 20250521000000.0
009 20260310131930.803
020 |a 968-36-0480-3 
037 |a Acervo ITESO - Biblioteca 
041 |a ESP 
091 |a FGM. 01615 
100 |a Gómez Robledo, Antonio  |e (autor) 
245 1 3 |a El pensamiento filosófico de Edith Stein / 
264 4 |a México :  |b UNAM, Instituto de Investigaciones Filosóficas,  |c 1988, c1988 
300 |a 74 p. 
336 |a texto  |b txt  |2 rdacontenido 
337 |a sin mediación  |b n  |2 rdamedio 
338 |a volumen  |b nc  |2 rdasoporte 
649 |a XX 
910 |a Fondo Efraín González Morfín 
920 |a Impresos - Libros 
930 |a Fondos Especiales 
905 |a 130 
901 |a 0500393603  |b IT2  |c ESL  |i D95674  |u 20250521 
902 |a https://opac.biblio.iteso.mx/vufind/Record/000561755